000 00475nam a2200181Ia 4500
001 632
005 20260306140532.0
008 260306t2003||||xx |||||||||||||| ||spa||
041 _aESP
082 _a128
_bS79 V. 4
100 _aStein, Edith
_eAUT
245 0 _aEscritos antropológicos y pedagógicos :
_b(Magisterio de la vida cristiana, 1926-1933)
260 _c2003
300 _a1172 páginas :
_c23 cm.
650 _aGEN
654 _aCHU
942 _cLIB
_dJUS
_fJUS
_2ddc
_n
999 _c632
_d632